00582nam a2200157 a 450000500170000000800410001702000180005805000180007610000230009424500790011726000640019630000230026065000120028399900190029595201100031420140412111341.0031016s19uu xx 00 eng d a0-7214-2972-6 aERbFa23 1999 aButterfield, Moira aFarm animals :b1-3 years /cby Moira Butterfield ; Caroline Jayne Church. aLeicestershire, Loughboruogh :bLadybirds Books Ltd,c1999. a1 v. (unp.) ; ill. aAnimals c105134d105134 00104050aELbELcERd2003-10-16eDonationl0oER Fa23 1999pE9469r2014-04-12 00:00:00w2014-04-12yBK